000 00421nam a2200157Ia 4500
008 220216s9999 xx 000 0 und d
100 _aRaghavendra Prasad S.A
245 0 _aRubber tapping machine
260 _bInternational Research Journal of Engineering and Technology
_c2020
300 _a1235-38
650 _aCREO software
650 _aEquipment
650 _aTapping machine
856 _uCopy
942 _cJS
999 _c68021
_d68021